[Event "Kazimierz Dolny op"]
[Site "Kazimierz Dolny"]
[Date "2001.03.17"]
[Round "8"]
[White "Witkowski, Stefan"]
[Black "Lagowski, Patryk"]
[Result "0-1"]
[WhiteElo "2163"]
[BlackElo "2301"]
[PlyCount "68"]
[EventDate "2001.03.10"]
[EventType "swiss"]
[EventRounds "9"]
[EventCountry "POL"]
[SourceTitle "CBM 081 Extra"]
[Source "ChessBase"]
[SourceDate "2001.05.06"]
[SourceVersion "1"]
[SourceVersionDate "2001.05.06"]
[SourceQuality "1"]

1. d4 f5 2. Bf4 Nf6 3. e3 g6 4. h4 h6 5. Bd3 Bg7 6. Nd2 0-0 7. h5 g5 8. Bxg5 hxg5 9. h6 Bxh6 10. Rxh6 Kg7 11. Rh1 e6 12. Qe2 Nc6 13. c3 d5 14. 0-0-0 Bd7 15. Ngf3 g4 16. Ne5 Rh8 17. f3 Qe7 18. e4 dxe4 19. fxe4 Nxe5 20. dxe5 Nh5 21. exf5 exf5 22. Qe3 Rae8 23. Rde1 Be6 24. g3 b6 25. Rh2 Nf4 26. Rxh8 Nxd3+ 27. Qxd3 Rxh8 28. Kb1 Qg5 29. Nb3 c5 30. Qd6 Kf7 31. Qc7+ Qe7 32. Qc6 Rh3 33. Nc1 Rh6 34. Qg2 Qd7 0-1

[Event "Warsaw-ch"]
[Site "Warsaw"]
[Date "1998.05.30"]
[Round "8"]
[White "Witkowski, Stefan"]
[Black "Sliwinski, Marcin"]
[Result "1/2-1/2"]
[WhiteElo "2250"]
[BlackElo "2075"]
[PlyCount "39"]
[EventDate "1998.??.??"]
[EventType "swiss"]
[EventRounds "9"]
[EventCountry "POL"]
[SourceTitle "EXT 2000"]
[Source "ChessBase"]
[SourceDate "1999.11.16"]
[SourceVersion "1"]
[SourceVersionDate "1999.11.16"]
[SourceQuality "1"]

1. d4 d5 2. Nf3 e6 3. e3 Bd6 4. Bd3 f5 5. 0-0 Nf6 6. b3 Qe7 7. Bb2 0-0 8. c4 c6 9. Qc1 b6 10. Ba3 Ba6 11. Ne5 Nbd7 12. Nxd7 Qxd7 13. Bxd6 Qxd6 14. Qa3 c5 15. Rd1 Bb7 16. Nd2 Nd7 17. Nf3 f4 18. cxd5 fxe3 19. fxe3 exd5 20. Rf1 1/2-1/2

[Event "Warsaw-ch"]
[Site "Warsaw"]
[Date "1998.05.25"]
[Round "3"]
[White "Szewczyk, Mariusz"]
[Black "Witkowski, Stefan"]
[Result "1/2-1/2"]
[WhiteElo "2165"]
[BlackElo "2250"]
[PlyCount "34"]
[EventDate "1998.??.??"]
[EventType "swiss"]
[EventRounds "9"]
[EventCountry "POL"]
[SourceTitle "EXT 2000"]
[Source "ChessBase"]
[SourceDate "1999.11.16"]
[SourceVersion "1"]
[SourceVersionDate "1999.11.16"]
[SourceQuality "1"]

1. e4 c5 2. Nf3 Nc6 3. d4 cxd4 4. Nxd4 Nf6 5. Nc3 e6 6. Ndb5 Bb4 7. Nd6+ Ke7 8. Nxc8+ Rxc8 9. Bd3 Ne5 10. 0-0 d5 11. exd5 Nxd5 12. Ne4 Nf6 13. Bg5 h6 14. Bh4 g5 15. Nxf6 Kxf6 16. Bg3 Nxd3 17. cxd3 Qd5 1/2-1/2

[Event "POL-chT 52nd"]
[Site "Augustow"]
[Date "1996.12.07"]
[Round "11"]
[White "Witkowski, Stefan"]
[Black "Matlak, Marek"]
[Result "0-1"]
[WhiteElo "2265"]
[BlackElo "2445"]
[PlyCount "90"]
[EventDate "1996.11.27"]
[EventType "team-tourn"]
[EventRounds "11"]
[EventCountry "POL"]
[SourceTitle "EXT 2019"]
[Source "ChessBase"]
[SourceDate "2018.10.10"]
[SourceVersion "1"]
[SourceVersionDate "2018.10.10"]
[SourceQuality "1"]
[WhiteTeam "Warszawa Maraton"]
[BlackTeam "Bielsko-Biala Wlokniarz"]
[WhiteTeamCountry "POL"]
[BlackTeamCountry "POL"]

1. d4 d5 2. Nf3 e6 3. e3 f5 4. Bd3 Nf6 5. 0-0 Bd6 6. c4 c6 7. b3 Qe7 8. Bb2 0-0 9. Qc1 b6 10. Ba3 Ne4 11. Ne5 Bb7 12. f3 Nf6 13. Bxd6 Qxd6 14. Qa3 c5 15. Nc3 Nbd7 16. Nxd7 Nxd7 17. Rad1 Qe7 18. dxc5 bxc5 19. Rfe1 Nb6 20. cxd5 exd5 21. Ba6 Bxa6 22. Qxa6 Rad8 23. a4 Qf7 24. a5 Nc8 25. Na4 c4 26. bxc4 dxc4 27. Rc1 Nd6 28. Qc6 Qe8 29. Qxe8 Rfxe8 30. Nb2 Rc8 31. Red1 Rc6 32. Rc3 Re5 33. Rdc1 Rxa5 34. R1c2 Ra2 35. Kf1 a5 36. Ke1 a4 37. Nd1 Rxc2 38. Rxc2 Nb5 39. Nc3 Nxc3 40. Rxc3 Kf7 41. Kd2 Ke6 42. Ra3 Ra6 43. Kc3 Kd5 44. Kb4 Rb6+ 45. Kxa4 Kc5 0-1

[Event "Groningen op"]
[Site "Groningen"]
[Date "1989.??.??"]
[Round "9"]
[White "Witkowski, Stefan"]
[Black "Gupta, Milon"]
[Result "1-0"]
[WhiteElo "2270"]
[BlackElo "2260"]
[PlyCount "91"]
[EventDate "1989.12.??"]
[EventType "swiss"]
[EventRounds "9"]
[EventCountry "NED"]
[SourceTitle "EXT 1998"]
[Source "ChessBase"]
[SourceDate "1997.11.17"]
[SourceVersion "1"]
[SourceVersionDate "1997.11.17"]
[SourceQuality "1"]

1. d4 f5 2. Nf3 Nf6 3. Bf4 e6 4. e3 b6 5. Nbd2 Bb7 6. c3 Be7 7. h3 0-0 8. a4 a5 9. Bh2 Ne4 10. Be2 Nxd2 11. Qxd2 Bf6 12. 0-0 d6 13. Qc2 Qe7 14. Nd2 e5 15. Qxf5 exd4 16. Bc4+ Kh8 17. exd4 Bxd4 18. Rae1 Qf6 19. Qg4 Bc5 20. Re6 Qd8 21. Bd3 g6 22. Be4 Bxe4 23. Nxe4 Nd7 24. Bg3 Rf5 25. Re1 Qf8 26. Nxc5 bxc5 27. Re7 Nf6 28. Qe2 Nd5 29. Re8 Rxe8 30. Qxe8 Qxe8 31. Rxe8+ Kg7 32. Ra8 Nb6 33. Rxa5 Rd5 34. Ra7 Rd1+ 35. Kh2 Kf6 36. a5 Nc4 37. Rxc7 Nxa5 38. b4 cxb4 39. cxb4 Nb3 40. Rxh7 Nd2 41. h4 Ne4 42. h5 Rb1 43. Rh6 Rxb4 44. Rxg6+ Kf7 45. Rg4 Rc4 46. h6 1-0

[Event "Groningen op"]
[Site "Groningen"]
[Date "1989.??.??"]
[Round "1"]
[White "Witkowski, Stefan"]
[Black "Kirov, Nino"]
[Result "0-1"]
[WhiteElo "2270"]
[BlackElo "2470"]
[PlyCount "88"]
[EventDate "1989.12.??"]
[EventType "swiss"]
[EventRounds "9"]
[EventCountry "NED"]
[SourceTitle "EXT 1998"]
[Source "ChessBase"]
[SourceDate "1997.11.17"]
[SourceVersion "1"]
[SourceVersionDate "1997.11.17"]
[SourceQuality "1"]

1. d4 Nf6 2. Nf3 g6 3. g3 Bg7 4. Bg2 d5 5. 0-0 0-0 6. Bf4 c6 7. c3 Nbd7 8. Ne5 Nh5 9. Nxd7 Bxd7 10. Be3 Qc8 11. Qc1 e5 12. Bh6 Re8 13. Bxg7 Nxg7 14. Re1 Bh3 15. Bh1 h5 16. dxe5 Rxe5 17. Nd2 Qc7 18. c4 dxc4 19. Nxc4 Re7 20. e4 Rd8 21. e5 Be6 22. Nd6 Ne8 23. Ne4 Qxe5 24. Nc5 Qf6 25. Ne4 Qf5 26. Qh6 Nf6 27. Ng5 Qxf2+ 28. Kxf2 Ng4+ 29. Kg1 Nxh6 30. Nxe6 Rxe6 31. Rxe6 fxe6 32. b4 Nf5 33. b5 cxb5 34. Bxb7 Rd2 35. Rb1 Rxa2 36. Rxb5 Nd6 37. Rb1 Nxb7 38. Rxb7 Kf8 39. h4 a5 40. Ra7 a4 41. Kf1 a3 42. Ke1 Ra1+ 43. Kd2 a2 44. Kc2 Rg1 0-1

[Event "Naleczow op"]
[Site "Naleczow"]
[Date "1989.??.??"]
[Round "?"]
[White "Witkowski, Stefan"]
[Black "Szymczak, Zbigniew"]
[Result "1/2-1/2"]
[WhiteElo "2270"]
[BlackElo "2400"]
[PlyCount "29"]
[EventDate "1989.??.??"]
[EventType "swiss"]
[EventRounds "11"]
[EventCountry "POL"]
[SourceTitle "EXT 1997"]
[Source "ChessBase"]
[SourceDate "1996.11.15"]
[SourceVersion "1"]
[SourceVersionDate "1996.11.15"]
[SourceQuality "1"]

1. d4 Nf6 2. Nf3 g6 3. g3 Bg7 4. Bg2 0-0 5. 0-0 d6 6. b3 e5 7. dxe5 Ng4 8. Bb2 Nd7 9. Nbd2 Ngxe5 10. Qc1 Qe7 11. e3 c6 12. Nxe5 Nxe5 13. Nf3 Rd8 14. Nxe5 dxe5 15. a4 1/2-1/2

[Event "Rilton Cup 17th"]
[Site "Stockholm"]
[Date "1987.??.??"]
[Round "?"]
[White "Backe, Peter"]
[Black "Witkowski, Stefan"]
[Result "1-0"]
[WhiteElo "2375"]
[BlackElo "2290"]
[PlyCount "113"]
[EventDate "1987.12.??"]
[EventType "swiss"]
[EventRounds "9"]
[EventCountry "SWE"]
[SourceTitle "TD"]
[Source "ChessBase"]
[SourceDate "1994.03.01"]
[SourceVersion "1"]
[SourceVersionDate "1994.03.01"]
[SourceQuality "1"]

1. c4 Nf6 2. Nc3 d5 3. cxd5 Nxd5 4. g3 c5 5. Bg2 Nc7 6. Nf3 Nc6 7. 0-0 e5 8. a3 f6 9. Rb1 Rb8 10. d3 Be6 11. Be3 Qd7 12. Nd2 Nd5 13. Nxd5 Bxd5 14. Ne4 f5 15. Nc3 Bxg2 16. Kxg2 Nd4 17. f4 Bd6 18. fxe5 Bxe5 19. Bf4 Bxf4 20. Rxf4 0-0 21. e3 Ne6 22. Rf2 Rbd8 23. Qb3 Kh8 24. Rbf1 Qc6+ 25. e4 Rxd3 26. Qb5 Qxb5 27. Nxb5 g6 28. exf5 Rxf5 29. Rxf5 gxf5 30. Nxa7 Nd4 31. Nc8 Rb3 32. Rf2 Kg7 33. Nd6 b5 34. Nb7 c4 35. Nc5 Re3 36. Rd2 Nb3 37. Kf2 Nxd2 38. Kxe3 Nf1+ 39. Kf4 Nxh2 40. Ne6+ Kf6 41. Nd4 Nf1 42. Nxb5 Nd2 43. a4 Nb3 44. Nd6 Nc5 45. a5 Ne6+ 46. Ke3 Ke5 47. Nxc4+ Kd5 48. Na3 Kc5 49. Nc2 Nc7 50. Kf4 Kc4 51. Ke5 Kb3 52. Nd4+ Kxb2 53. Kd6 Na6 54. Kc6 Kc3 55. Kb6 Nb4 56. Nc6 Nd5+ 57. Kb7 1-0

[Event "Myslenice-B"]
[Site "Myslenice"]
[Date "1987.??.??"]
[Round "7"]
[White "Praszak, Michal"]
[Black "Witkowski, Stefan"]
[Result "1/2-1/2"]
[WhiteElo "2230"]
[BlackElo "2295"]
[PlyCount "91"]
[EventDate "1987.??.??"]
[EventType "tourn"]
[EventRounds "11"]
[EventCountry "POL"]
[SourceTitle "EXT 1997"]
[Source "ChessBase"]
[SourceDate "1996.11.15"]
[SourceVersion "1"]
[SourceVersionDate "1996.11.15"]
[SourceQuality "1"]

1. d4 Nf6 2. c4 g6 3. Nc3 d5 4. Nf3 Bg7 5. Qb3 dxc4 6. Qxc4 0-0 7. e4 a6 8. Be2 b5 9. Qb3 Bb7 10. e5 Nd5 11. 0-0 Nxc3 12. Qxc3 Nd7 13. a4 c5 14. dxc5 Qc7 15. Be3 Bxf3 16. Bxf3 Rac8 17. axb5 Nxe5 18. Qa5 Nxf3+ 19. gxf3 axb5 20. Qxc7 Rxc7 21. Ra2 b4 22. Rb1 Rfc8 23. Ra5 Rb7 24. b3 Bc3 25. Rd1 f6 26. Kf1 Kf7 27. Ke2 g5 28. h3 Be5 29. Rc1 Rd7 30. Rc4 Bc3 31. c6 Rdc7 32. Ra6 e5 33. Rb6 Ke6 34. Kd3 Rd8+ 35. Kc2 Rdc8 36. Rc5 Kd6 37. Kd3 Rxc6 38. Rbxc6+ Rxc6 39. Rxc6+ Kxc6 40. Ke4 Kd6 41. Kf5 Ke7 42. Bc5+ Kf7 43. Bb6 Ke7 44. Bc5+ Kf7 45. Bb6 Ke7 46. Bc5+ 1/2-1/2

[Event "Warsaw Cup"]
[Site "Warsaw"]
[Date "1987.??.??"]
[Round "9"]
[White "Witkowski, Stefan"]
[Black "Bany, Jerzy"]
[Result "1/2-1/2"]
[WhiteElo "2295"]
[BlackElo "2430"]
[PlyCount "119"]
[EventDate "1987.04.??"]
[EventType "swiss"]
[EventRounds "11"]
[EventCountry "POL"]
[SourceTitle "EXT 2001"]
[Source "ChessBase"]
[SourceDate "2000.11.22"]
[SourceVersion "1"]
[SourceVersionDate "2000.11.22"]
[SourceQuality "1"]

1. d4 Nf6 2. Nf3 e6 3. Bf4 b5 4. Nbd2 Bb7 5. e3 a6 6. a4 b4 7. a5 Be7 8. h3 0-0 9. Bh2 c5 10. dxc5 Bxc5 11. Nb3 Be7 12. Bd3 d6 13. Qe2 e5 14. e4 Qc7 15. 0-0 Nbd7 16. Nfd2 Qc6 17. Rfe1 Rfc8 18. Kh1 Bf8 19. Rac1 Nc5 20. Nxc5 Qxc5 21. Nc4 Nd7 22. f3 Be7 23. Bg1 Qc6 24. Nb6 Nxb6 25. Bxb6 Bd8 26. Bxd8 Rxd8 27. b3 Bc8 28. Qd2 Qc5 29. Ra1 Be6 30. Qe2 Ra7 31. Red1 g6 32. Bxa6 Rda8 33. Bc4 Bxc4 34. Qxc4 Qxc4 35. bxc4 Rxa5 36. Rxa5 Rxa5 37. Rb1 Ra4 38. Rb3 Kf8 39. c3 Ra3 40. Rxb4 Rxc3 41. h4 h5 42. Rb8+ Ke7 43. Rb7+ Ke6 44. Rc7 f5 45. exf5+ gxf5 46. Kg1 e4 47. f4 Rc2 48. Kf1 e3 49. g3 Rf2+ 50. Ke1 Rg2 51. Rh7 Rxg3 52. Rh6+ Ke7 53. Rxh5 Rg4 54. Rxf5 Rxh4 55. Ke2 Ke6 56. Rf8 Ke7 57. Rf5 Ke6 58. Rf8 Ke7 59. Rf5 Ke6 60. Rf8 1/2-1/2

[Event "Rilton Cup 17th"]
[Site "Stockholm"]
[Date "1987.??.??"]
[Round "?"]
[White "Witkowski, Stefan"]
[Black "Eriksson, Anders"]
[Result "0-1"]
[WhiteElo "2290"]
[BlackElo "2300"]
[PlyCount "110"]
[EventDate "1987.12.??"]
[EventType "swiss"]
[EventRounds "9"]
[EventCountry "SWE"]
[SourceTitle "TD"]
[Source "ChessBase"]
[SourceDate "1994.03.01"]
[SourceVersion "1"]
[SourceVersionDate "1994.03.01"]
[SourceQuality "1"]

1. d4 Nf6 2. Nf3 e6 3. Bf4 b6 4. Nbd2 Bb7 5. e3 Be7 6. h3 0-0 7. a4 c5 8. c3 d5 9. a5 Nbd7 10. Be2 Bc6 11. b3 bxa5 12. 0-0 cxd4 13. exd4 Qb6 14. Qb1 Rfc8 15. Qa2 Bb7 16. Rfc1 Ba6 17. Bxa6 Qxa6 18. Qxa5 Qxa5 19. Rxa5 Bb4 20. Ra4 Bxc3 21. Nb1 Ne4 22. Ra2 Nb6 23. Kf1 g5 24. Be3 f6 25. Nxc3 Rxc3 26. Rxc3 Nxc3 27. Ra5 Kf7 28. Ne1 Ne4 29. Nd3 Nd6 30. g4 Ke7 31. Bd2 Nb7 32. Ra6 Kd6 33. Bb4+ Kc6 34. Be7 Kb5 35. Ra1 Nd7 36. Re1 Re8 37. Rxe6 Nd8 38. Re3 Nc6 39. Ba3 Re4 40. Bb2 Nxd4 41. Rxe4 dxe4 42. Bxd4 exd3 43. Ke1 Kb4 44. Kd2 Kxb3 45. Bxa7 Kc4 46. Be3 Ne5 47. f4 Nf3+ 48. Kd1 Kc3 49. fxg5 fxg5 50. Bb6 d2 51. Ba5+ Kd3 52. Bb4 Ng1 53. Bxd2 Nxh3 54. Ke1 Nf4 55. Bc1 Ke4 0-1

[Event "Rilton Cup 17th"]
[Site "Stockholm"]
[Date "1987.??.??"]
[Round "?"]
[White "Witkowski, Stefan"]
[Black "Paust, Wolf Dieter"]
[Result "1-0"]
[WhiteElo "2290"]
[BlackElo "2215"]
[PlyCount "87"]
[EventDate "1987.12.??"]
[EventType "swiss"]
[EventRounds "9"]
[EventCountry "SWE"]
[SourceTitle "TD"]
[Source "ChessBase"]
[SourceDate "1994.03.01"]
[SourceVersion "1"]
[SourceVersionDate "1994.03.01"]
[SourceQuality "1"]

1. d4 Nf6 2. Nf3 d6 3. g3 c5 4. Bg2 cxd4 5. Nxd4 g6 6. c4 Bg7 7. 0-0 0-0 8. Nc3 Na6 9. Rb1 Nc7 10. e4 Ne6 11. Be3 Ng4 12. Qxg4 Nxd4 13. Qd1 Nc6 14. f4 Na5 15. Qd3 Be6 16. Nd5 Rc8 17. Rfc1 Nc6 18. b4 b6 19. a4 Qd7 20. Qd2 h5 21. Qd3 Rfe8 22. Rf1 f5 23. Rfe1 g5 24. b5 Na5 25. fxg5 Nxc4 26. Nf4 Nxe3 27. Qxe3 Rc4 28. Qe2 Rxa4 29. exf5 Bxf5 30. Bd5+ Kf8 31. Ne6+ Bxe6 32. Bxe6 Bd4+ 33. Kg2 Qb7+ 34. Kh3 Kg7 35. Qc2 Ra3 36. Rf1 Rf8 37. Rxf8 Kxf8 38. Rf1+ Rf3 39. Qe2 Rxf1 40. Qxf1+ Ke8 41. Qf7+ Kd8 42. Qf8+ Kc7 43. Qxe7+ Kb8 44. Qd8+ 1-0

[Event "Rilton Cup 17th"]
[Site "Stockholm"]
[Date "1987.??.??"]
[Round "?"]
[White "Witkowski, Stefan"]
[Black "Wiedenkeller, Michael"]
[Result "1/2-1/2"]
[WhiteElo "2290"]
[BlackElo "2450"]
[PlyCount "68"]
[EventDate "1987.12.??"]
[EventType "swiss"]
[EventRounds "9"]
[EventCountry "SWE"]
[SourceTitle "TD"]
[Source "ChessBase"]
[SourceDate "1994.03.01"]
[SourceVersion "1"]
[SourceVersionDate "1994.03.01"]
[SourceQuality "1"]

1. d4 d5 2. Nf3 Nf6 3. Bf4 c5 4. c3 e6 5. e3 Nc6 6. Nbd2 Bd6 7. Bg3 0-0 8. Bd3 Qe7 9. Ne5 Nd7 10. Ndf3 f5 11. Nxd7 Bxd7 12. Ne5 Nxe5 13. Bxe5 Bxe5 14. dxe5 Bc6 15. 0-0 g5 16. f4 Kh8 17. Qe2 a6 18. Rf2 Rg8 19. Qd2 Rad8 20. Bf1 h5 21. b4 g4 22. g3 Rc8 23. a4 Qd7 24. a5 Qe7 25. Rb1 cxb4 26. cxb4 Bb5 27. Bxb5 axb5 28. Rc1 Rxc1+ 29. Qxc1 Qxb4 30. Qc7 Qe1+ 31. Rf1 Qxe3+ 32. Rf2 h4 33. Qf7 Qc1+ 34. Rf1 Qe3+ 1/2-1/2